000 00613cam a22002173a 4500
001 41350
003 PGUSA
005 20140828083930.0
008 121111s2012||||xxu|||||s|||||000 | eng d
040 _aPGUSA
_beng
042 _adc
100 1 _aSpenser, Edmund,
_d1551-1599
245 1 0 _aStories from the Faerie Queen
_h[electronic resource] /
_cEdmund Spenser
260 _bProject Gutenberg,
_c2012
506 _aPublic domain in the USA.
516 _aElectronic text
700 1 _aQuesne, Rose le
830 0 _aProject Gutenberg
_v41350
856 4 0 _uhttp://www.gutenberg.org/ebooks/41350
942 _cEB
999 _c270602
_d270602